LEADER 00801nam a2200217 i 4500 001 000000223764 003 CaOOAMICUS 005 20131018000000.0 008 131018s1792 it u000 u fre u 013 $a202662 026 $a1.E. l.s. t,de QuMa (3) 1792 (A) 040 $aSeMil$bita 245 10$aTome 86. 300 $a[4], 333, [3] p. 500 $aContiene : Recueil des lettres m. de Voltaire. Janvier 1760.-Fevrier 1761. 773 0 $aVoltaire <1694-1778>$tOeuvres completes de m. de Voltaire. Tome 1. [-100.].$dA Lyon : Chez J. B. Delamollière, 1791-1792.$g86$w()28886 850 $aSeMil 852 $aSeMil$W1$xVenegono$y1$m2Q I 166 FA$j174110$B174110$CSeMilBibl$Z2$F184296 $8I 941 1 $a10 961 $aRecupero: Mantegazza 996 $6245$aTome 86$9(OLS)http://semarc/title/320857 LEADER 00820nam a2200217 i 4500 001 000000199949 003 CaOOAMICUS 005 20240115100224.0 008 110330n it u000 u ita u 013 $a178647 040 $aSeMil$bita 100 1 $aGorio, G.,$d.$0(OLS)http://semarc/name/72315 245 12$aL'otto luglio mille ottocento ottantotto a don Giuseppe Faggi. 260 $a[S.l. :$bs.n.,$c1888] 300 $a13 p. ;$c16 cm. 773 0 $t[Oratoria.$d[S.l. : s.n.] $w()24621 850 $aSeMil 852 $aSeMil$W1$xVenegono$y1$m5A II 1/22 B FA$j150483$B150483$CSeMilBibl$Z2$F161831 $8I 996 $6245$aL'otto luglio mille ottocento ottantotto a don Giuseppe Faggi$9(OLS)http://semarc/title/289088 996 $6260$a[S.l. :$bs.n.$9(OLS)http://semarc/publisher/31686